000 00869nam a2200265 4500
001 32257
010 _a9789899880368
021 _aPT
_b412589/16
090 _a32257
100 _a20170109d2016 c y0pory50030103ba
101 0 _apor
102 _aPT
200 1 _aQuem dá asas às palavras
_fLuísa Ducla Soares
_gil. João Vaz de Carvalho
_gtexto, pref. José Jorge Letria
205 _a1ª ed
210 _aSesimbra
_cOficina Canto das Cores,
_d2016
215 _a38, [2] p.
_cil.
_d27 cm
_e1 CD audio
225 2 _aQuem é?
606 _aLiteratura infantil
_9185
675 _a8:087.5
_969
700 1 _aSoares,
_bLuísa Ducla,
_f1939-
_92431
702 1 _aCarvalho,
_bJoão Vaz de,
_f1958-
_4440
702 1 _aLetria,
_bJosé Jorge,
_f1951-
_4080
801 0 _aPT
_bBN
_gRPC
856 4 1 _uhttp://rnod.bn.pt/ImagesBN/winlibimg.aspx?skey=&doc=1952826&img=88376&save=true
990 _cLIVROS